| 000 | 00939nam a2200217 a 4500 | ||
|---|---|---|---|
| 001 | 000037035 | ||
| 005 | 20200930080110.0 | ||
| 008 | 120209s1985 ag 000 0 spa d | ||
| 020 | _a9503701376 | ||
| 040 |
_aDO-SdBNP _bspa _cBNPHU |
||
| 082 |
_axxxx _bJ48c |
||
| 100 | 1 |
_aJelen, Christian, _d1940- _963442 |
|
| 240 | 1 | 0 | _aL´aveuglement |
| 245 | 1 | 3 |
_aLa ceguera voluntaria : _blos socialistas y el nacimiento del mito soviético / _cChristian Jelen; prólogo de Jean-Francois Revel; traducción por Margarita Estapé. |
| 260 |
_aArgentina : _bSudamericana/Planeta, _c1985. |
||
| 300 |
_a235 p. ; _c22 cm. |
||
| 500 | _aTraducido del francés | ||
| 500 | _aEsta obra se limita a narrar acontecimientos, recabar testimonios, citar texto y nombrar personajes. Cada una de sus líneas suscita curiosidad; estupor, cólera, ironía o ansiedad | ||
| 700 | 1 |
_aRevel, Jean-Francois, _epról. _920797 |
|
| 700 | 1 |
_aEstapé, Margarita, _etr. _963443 |
|
| 999 |
_c36525 _d36525 |
||